00234nam a2200097Ia 4500008004100000082000800041100001700049245004900066942000600115999001500121240331s9999 xx 000 0 und d bGRI aGriffiths, M 0aFeminism and the self :bthe web of identity cL c1765d1765